Le Quiz des Plus Grands Hits ... les 100 Dernières Années - Statistiques

Statistiques générales
  • Ce quiz a été pris 186 fois
  • Le résultat moyen est 37 sur 100
Statistiques - réponses
Année Titre Interprète % Correct
2009 Bad Romance Lady Gaga
86%
2012 Gangnam Style PSY
86%
2007 Umbrella Rihanna
86%
2010 Rolling in the Deep Adele
85%
2008 Viva la Vida Coldplay
83%
1982 Billie Jean Michael Jackson
81%
1998 …Baby One More Time Britney Spears
80%
2019 Blinding Lights The Weeknd
80%
1975 Bohemian Rhapsody Queen
79%
2002 Lose Yourself Eminem
78%
2013 Happy Pharrell Williams
78%
2024 Espresso Sabrina Carpenter
78%
2022 As It Was Harry Styles
74%
2014 Uptown Funk Mark Ronson
73%
1996 Wannabe Spice Girls
73%
2000 The Real Slim Shady Eminem
72%
1997 My Heart Will Go On Celine Dion
71%
2017 Despacito Luis Fonsi
71%
1991 Smells Like Teen Spirit Nirvana
71%
2018 Havana Camila Cabello
65%
2020 Levitating Dua Lipa
65%
1947 La Vie en Rose Edith Piaf
65%
1980 Another One Bites the Dust Queen
65%
2016 Starboy The Weeknd
65%
2015 See You Again Wiz Khalifa
65%
1985 Take on Me A-Ha
64%
1995 Wonderwall Oasis
64%
1968 Hey Jude The Beatles
64%
1994 Zombie The Cranberries
64%
1970 Let it Be The Beatles
63%
1992 I Will Always Love You Whitney Houston
63%
1989 Like a Prayer Madonna
59%
2003 In da Club 50 Cent
58%
2023 Flowers Myley Cyrus
58%
1978 Y.M.C.A Village People
58%
2006 Rehab Amy Whinehouse
56%
1986 The Final Countdown Europe
56%
2011 Call me Maybe Carly Rae Jepsen
55%
1977 Stayin' Alive Bee Gees
53%
1969 Here Comes the Sun The Beatles
52%
1983 Every Breath You Take The Police
51%
1976 Hotel California Eagles
50%
1984 Careless Whisper George Michael
48%
2004 Yeah! Usher
45%
1957 Jailhouse Rock Elvis Presley
43%
2001 In the End Linkin Park
42%
1979 Another Brick in the Wall Pink Floyd
42%
2005 Feel Good Inc. Gorillaz
41%
2021 Stay The Kid LAROI
41%
1973 Dream On Aerosmith
38%
1965 (I Can't Get No) Satisfaction The Rolling Stones
37%
1967 What a Wonderful World Louis Armstrong
36%
1987 Never Gonna Give You Up Rick Astley
36%
1964 The Sound of Silence Simon and Garfunkel
35%
1999 I Want it that Way Backstreet Boys
33%
1988 Sweet Child o' Mine Guns N' Roses
31%
1971 Stairway to Heaven Led Zeppelin
25%
1972 Superstition Stevie Wonder
25%
1956 Hound Dog Elvis Presley
23%
1993 What Is Love Haddaway
22%
1990 U Can't Touch This MC Hammer
22%
1963 I Want to Hold Your Hand The Beatles
19%
1981 Don't Stop Believin Journey
15%
1961 Stand by Me Ben E. King
14%
1974 Sweet Home Alabama Lynyrd Skynyrd
12%
1952 Singing in the Rain Gene Kelly
10%
1939 Over the Rainbow Judy Garland
9%
1959 Put your Hand on my Shoulder Paul Anka
5%
1925 Saint Louis Blues Bessie Smith
4%
1955 Tutti Frutti Little Richard
4%
1943 As Time Goes By Dooley Wilson
3%
1946 Five Minutes More Frank Sinatra
3%
1954 Mr. Sandman The Chordettes
3%
1966 I'm a Believer The Monkees
3%
1937 Sing, Sing, Sing Benny Goodman
2%
1931 Minnie the Moocher Cab Calloway
2%
1960 The Twist Chubby Checker
2%
1953 That's Amore Dean Martin
2%
1958 Tequila The Champs
2%
1934 The Very Thought of You Al Bowlly
1%
1936 Pennies from Heaven Bing Crosby
1%
1962 Monster Mash Bobby Prickett
1%
1933 Stormy Weather Ethel Waters
1%
1949 Some Enchanted Evening Ezio Pinza
1%
1935 Cheek to Cheek Fred Astaire
1%
1930 Puttin' On the Ritz Fred Astaire
1%
1926 Horses George Olsen
1%
1940 In the Mood Glenn Miller
1%
1929 Tiptoe Through the Tulips Joe Burke
1%
1944 The Trolley Song Judy Garland
1%
1951 Unforgettable Nat King Cole
1%
1948 Nature Boy Nat King Cole
1%
1941 Boogie Woogie Bugle Boy The Andrews Sisters
1%
1942 Paper Doll The Mills Brothers
1%
1938 Jeepers Creepers The Modernaires
1%
1950 Goodnight, Irene The Weavers
1%
1945 This Land Is Your Land Woody Guthrie
1%
1932 Night and Day Cole Porter
0%
1928 Makin' Whoopee Eddie Cantor
0%
1927 My Blue Heaven Gene Austin
0%
Aucun quiz correspondant
Distribution des résultats
% des personnes avec chaque résultat
Percentile par nombre de réponses
Votre historique - résultats
Vous n’avez pas pris ce quiz